Quizzes
Events
Quiz Creation
Community
Videos
Private Events
Remove Ads
Sign In
Join for FREE
Feedback
Dark Mode
Quiz Categories
Sports
Geography
Music
Movies
Television
Just For Fun
Miscellaneous
History
Literature
Language
Science
Gaming
Entertainment
Religion
Holiday
For Kids
Quiz Lab
Recent
Popular Today
Quiz Kudos Today
Editor Picks
Curator Picks
Quizzes by...
Day
Popularity
Type
Ratings
Length
Year
Community
Subscriptions
Recent Discussions
Orange Saloon
Badges
Playlists
Quests
Create
Leaderboards
Showdown
Live 5
Trivia Bingo
Activity
Puzzle Library
Sporcle Events
Private Events
Virtual Trivia
Globe League
Become a Host
Pub Owners
SporcleCon
Opinionation
Our Games
Videos
Blog
Mobile Apps
Partnerships
Remove Ads and Go Orange
Feedback
Music
Pop Music
The Beatles
Song
Album
Lyrics
Bands
Singers
Artist
Clip
Rock
Rap
Classical
Billboard
Country Music
Kpop
Taylor Swift
Music
Pop Music
The Beatles
Song
Album
Lyrics
Bands
Singers
Artist
Clip
Rock
Rap
Classical
Billboard
Country Music
Kpop
Taylor Swift
Random Quiz
Search Sporcle
×
Quiz Lab
Quiz Lab
Music
bird
Type in answers that appear in a list
Type in answers that appear in a list
Classic
Best Score? Go Orange.
Isle of Flightless Birds Lyrics Quiz--Twenty one Pilots Stats
Can you name the isle of Flightless Birds Lyrics Quiz--Twenty one Pilots?
By
EmmaPlum01
11m
285 Questions
209 Plays
209 Plays
209 Plays
Comments
Comments
Give Quiz Kudos
Give Quiz Kudos
-
- Ratings
hide this ad
More Info
Replay
Link that replays current quiz
Next Quiz
Link to next quiz in quiz playlist
You Got
0%
They Got
Avg Score
87%
Avg Friend Score
Upgrade to see
Score Distribution
Jump to the score distribution portion of the page
Score
0/285
Timer
11:00
0
Plays Today
Answer
% Correct
The
99%
The
99%
The
99%
And
99%
and
99%
And
99%
The
99%
And
99%
And
99%
and
99%
And
99%
and
99%
And
99%
And
99%
The
99%
And
99%
The
99%
And
99%
And
99%
the
99%
And
99%
the
99%
And
99%
The
99%
and
99%
and
99%
And
99%
I
98.6%
I
98.6%
I
98.6%
I
98.6%
I
98.6%
I
98.6%
I
98.6%
I..................
98.6%
I
98.6%
An
98.1%
We
97.1%
No
97.1%
No
97.1%
We
97.1%
We
97.1%
We
97.1%
We
97.1%
We
97.1%
We
97.1%
We
97.1%
No
97.1%
No
97.1%
We
97.1%
We
97.1%
is
96.7%
is
96.7%
is
96.7%
is
96.7%
is
96.7%
is
96.7%
is
96.7%
You
96.2%
You
96.2%
You
96.2%
You
96.2%
You
96.2%
You
96.2%
You
96.2%
You
96.2%
of
95.2%
of
95.2%
Of
95.2%
To
94.7%
Are
94.7%
To
94.7%
Are
94.7%
To
94.7%
To
94.7%
To
94.7%
he
94.3%
Now
93.8%
Isle
93.8%
Birds,
93.8%
Stuff.
93.8%
Now.
93.8%
Will
93.3%
Sing.
93.3%
Sing.
93.3%
Flightless
93.3%
Sing,
93.3%
Will
93.3%
Will
93.3%
Will
93.3%
Sing.
93.3%
Will
93.3%
Will
93.3%
Will
93.3%
That
92.8%
Answer
% Correct
Fly
92.8%
Our
92.8%
Fly
92.8%
Our
92.8%
In
92.8%
Our
92.8%
That
92.8%
That
92.8%
In
92.8%
Our
92.8%
Fly
92.8%
So
92.8%
Fly
92.8%
So
92.8%
In
92.8%
Can
92.3%
As
92.3%
As
92.3%
All
92.3%
Giving
92.3%
Can
92.3%
As
92.3%
As
92.3%
As
92.3%
As
92.3%
as
92.3%
Can
92.3%
My
91.9%
Birth
91.9%
My
91.9%
Story
90.9%
Find
90.9%
We're
90.9%
We're
90.9%
Were
90.9%
We're
90.9%
Climax
90.4%
Demons
90.4%
Angels
90.4%
hear?
90.4%
Worth
90.4%
hear?
90.4%
Am
90%
Am
90%
With
89.5%
Fear.
89.5%
ground
89.5%
With
89.5%
fear.
89.5%
Ground
89.5%
Purpose.
89%
Wings.
89%
Think
89%
Ever,
89%
Wings.
89%
Think
89%
Gives
88.5%
They
88.5%
Plummet
88.5%
Plummet
88.5%
Plummet
88.5%
Plummet
88.5%
Cold.
88%
What
88%
What
88%
Cold.
88%
What
88%
Around
86.6%
While
86.1%
us
86.1%
Probably
86.1%
More
86.1%
Suicidal
86.1%
than
86.1%
Us
86.1%
While
86.1%
Just
85.6%
By
85.6%
By
85.6%
Be
85.6%
if
85.2%
if
85.2%
Hope,
84.7%
Wrong
84.7%
Right.
84.7%
Your
84.7%
Your
84.7%
Hope,
84.7%
your
84.7%
Your
84.7%
Your
84.7%
Your
84.7%
Pick
84.2%
Live
84.2%
What's
84.2%
Answer
% Correct
Please
83.7%
Please
83.7%
Please
83.7%
Please
83.7%
Pick
83.7%
About
83.3%
Decide
83.3%
Decide
83.3%
About
83.3%
Walking
82.8%
Them.
82.8%
Songs
82.8%
Nobody
82.8%
Cares
82.8%
Honestly
82.8%
Time
82.8%
Time
82.8%
Time
82.8%
This
82.3%
Taunts
81.8%
Set
81.8%
Taunts
81.8%
Free.
81.3%
Emotions
80.9%
Think's
80.9%
Believe
80.9%
me
80.9%
Believe,
80.9%
You'll
79.4%
You'll
79.4%
Cry.
79.4%
Cry
79.4%
Going
78.9%
Remind
78.9%
Homes
78.5%
Wake
78.5%
Tough.
78%
Things
78%
Up
78%
Morning
78%
apart
78%
Light
78%
Light
78%
It's
78%
Mine.
77.5%
But
77%
very
77%
really
77%
Promise
77%
Sleep
76.9%
head
76.6%
Soul
76.6%
Soul
76.6%
Soul
76.6%
Battle
76.1%
Every
75.6%
Oh,
75.6%
Waiting
75.1%
take
74.6%
How
74.6%
Patiently
74.6%
Don't
74.6%
Don't
74.6%
Knows
74.6%
Knows
74.6%
thinking.
74.2%
Good
74.2%
Evil.
74.2%
Both
73.7%
Sides.
73.7%
begin
72.7%
Evening
72.7%
Wish
72.2%
Degrading.
71.8%
Afraid
71.8%
Fading.
71.3%
Frustrating
70.8%
Wasting
70.8%
Why
70.3%
Against
69.4%
Roads
69.4%
Winding
67.5%
Hearts
67.5%
Can't
67%
Creep
66%
Sleeping,
65.6%
repeat
65.1%
Same
64.6%
Lining
61.2%
Sky
61.2%
Mold
60.8%
Routine
60.8%
Weeping
59.3%
Comfortability
54.5%
His
52.2%
Quiz Playlist
Details
Report
Send in Message
Add To Playlist
More Info:
|-/ Stay Alive
Classic:
Type in answers that appear in a list
Last Updated: Jul 13, 2017
Quiz Scoreboard
CHALLENGE
Sign Up to Join the Scoreboard
Show All
Scores
Hide
Comments
May contain spoilers
Recently Published
Billboard Blitz: Fleetwood Mac
by CooCooCachoo
Music
15s
Presidents Visiting Landmarks
by Hejman
History
7m
An Introduction to Baseball
by treessimontrees
Sports
5m
More to Explore
Quiz From the Vault
Featured Blog Post
Where Did the Easter Bunny Come From?
hide this ad
You Might Also Like...
Tags
bird
flightless
isle
pilot
Today's Top Quizzes in Music
Browse Music
hide this ad
Today's Top Quizzes in bird
Browse bird
Top Contributed Quizzes in Music
1
Taylor Swift All Songs (2024)
2
Guess the Artist- 70s Songs
3
7-to-1: Billboard Hot 100 #1 Hits of 2010s
4
Sorting Albums and Songs
5
Taylor Swift Logic Puzzle
6
KPOP LOGIC QUIZ
7
2010s Album by Cover III
8
One Thing in Common: Music
9
Guess the Taylor Swift song (Mystery Song)
10
Guess The Taylor Swift Lyrics Song #1
Explore More
Trending Topics
Disney
Crossword
NBA
Kpop
Marvel
Anime
Harry Potter
WWE
Puzzle
Soccer
Country
Song
The Office
NFL
Pokémon
hide this ad
More By:
EmmaPlum01
Quiz
Plays
Rating
Category
Featured
Created
Addict With A Pen Lyrics - Twenty One Pilots
336
5.00
Music
Mar 26, 2017
isle of Flightless Birds Lyrics Quiz--Twenty one Pilots
209
5.00
Music
Mar 25, 2017
Trapdoor Lyrics Quiz -Twenty One Pilots
74
5.00
Music
Mar 26, 2017
Go to Creator's Profile
Score Distribution
Quiz Creator Spotlight
EmmaPlum01
Follow
Send a Message
Quizzes Created
-
Created Quiz Play Count
-
More By This Creator
Popular Quizzes Today
1
Find the US States - No Outlines Minefield
2
Find the Countries of Europe - No Outlines Minefield
3
The Countries of the World
4
Find the US States
5
US States
6
Popular People in 1961
7
Risky Map Clicking: Biggest States A-Z
8
Movies - When Are They Set?
More Music Quizzes
Match The '1989' Lyrics - Taylor Swift
Quiz Lab
Trending Quizzes
Risky Map Clicking: Least Populous States A-Z
1-10 Letter G Words
1-10 Letter F Words
Risky Map Clicking: Next State Alphabetically
Risky Map Clicking: Biggest States A-Z
Recently Updated
Leaping Animals
pecheneg
Reality TV Shows (A-Z)
bhenderson79
Rickey Henderson's Hall of Fame Teammates
pecheneg
Champions League XIs: Arsenal
pecheneg
Quick Pick: Celebrities in WWE's Hall of Fame
aduchscher
A-Z Keypad Blitz II
pecheneg
Multiple Oscar Actors
pecheneg
Mystery Phrase Blitz: Oscar 'Best Actors'
pecheneg
F. Scott Fitzgerald Novels
LTH
Pick 3 Villains
ddd62291
Trending Topics
Anime
Disney
Marvel
NBA
Kpop
Harry Potter
Crossword
WWE
Soccer
Song
Pokémon
The Office
NFL
Country
Puzzle
Your Account Isn't Verified!
In order to create a playlist on Sporcle, you need to verify the email address you used during registration. Go to your
Sporcle Settings
to finish the process.
Report this User
Report this user for behavior that violates our
Community Guidelines
.
Details:
Send Report
Go to the Sporcle.com Mobile Site →
Comments